Sociální zabezpečení v Kyperské republice.
História sociálneho poistenia, výška poistného a platenie príspevkov. Poistné fondy a poskytované dávky. Príspevok na svatbu, pôrodné a pohrebné, materský príspevok, nemocenské, podpora v nezamestnanosti, invalidný dôchodok, starobný dôchodok, vdovský a sirotský dôchodok. Dávka pri pracovnom úraze a...
Salvato in:
| Autore principale: | |
|---|---|
| Natura: | Capitolo di libro |
| Lingua: | ceco |
| Soggetti: | |
| Tags: |
Nessun Tag, puoi essere il primo ad aggiungerne!!
|
MARC
| LEADER | 00000naa a2200000 4500 | ||
|---|---|---|---|
| 001 | r012088 | ||
| 005 | 20220826094033.1 | ||
| 041 | 0 | |a cze | |
| 044 | |a CZ | ||
| 245 | 1 | 0 | |a Sociální zabezpečení v Kyperské republice. |c A. Uchytil |
| 520 | |a História sociálneho poistenia, výška poistného a platenie príspevkov. Poistné fondy a poskytované dávky. Príspevok na svatbu, pôrodné a pohrebné, materský príspevok, nemocenské, podpora v nezamestnanosti, invalidný dôchodok, starobný dôchodok, vdovský a sirotský dôchodok. Dávka pri pracovnom úraze alebo chorobe z povolania. Spôsob valorizácie dávok. | ||
| 610 | 2 | 0 | |a poistenie sociálne |
| 610 | 2 | 0 | |a Cyprus |
| 610 | 2 | 0 | |a fond poistný |
| 610 | 2 | 0 | |a príspevky sociálne |
| 610 | 2 | 0 | |a dávky v materstve |
| 610 | 2 | 0 | |a podpory v nezamestnanosti |
| 610 | 2 | 0 | |a dôchodky invalidné |
| 610 | 2 | 0 | |a dôchodky starobné |
| 610 | 2 | 0 | |a valorizácia |
| 100 | 1 | |a Uchytil, A. | |